Resonance phenomena analysis in induction generators; Micro/Nanotechnologies and Electron Devices, EDM 2016

Detaylı Bibliyografya
Parent link:Micro/Nanotechnologies and Electron Devices, EDM 2016.— 2016.— [P. 532-535]
Yazar: Padalko D. A. Dmitry Andreevich
Müşterek Yazar: Национальный исследовательский Томский политехнический университет
Diğer Yazarlar: Garganeev A. G. Alexander Georgievich, Tyuteva P. V. Polina Vasilievna
Özet:Title screen
The operation features of induction generator are revealed in the paper. Parametric resonance as a cause of induction generator excitation is investigated. The study was performed by the mathematical description and modeling in the block diagram environment Simulink pack of MatLab software applications. It was confirmed on the basis of studies that residual magnetization is not a mandatory factor for the transition of the induction machine in generator mode. The power generation conditions are estimated on the frequency characteristics of the induction generator equivalent circuit.
Режим доступа: по договору с организацией-держателем ресурса
Dil:İngilizce
Baskı/Yayın Bilgisi: 2016
Konular:
Online Erişim:http://dx.doi.org/10.1109/EDM.2016.7538793
Materyal Türü: MixedMaterials Elektronik Kitap Bölümü
KOHA link:https://koha.lib.tpu.ru/cgi-bin/koha/opac-detail.pl?biblionumber=650955

MARC

LEADER 00000naa0a2200000 4500
001 650955
005 20250903094626.0
035 |a (RuTPU)RU\TPU\network\16204 
090 |a 650955 
100 |a 20161027d2016 k y0engy50 ba 
101 0 |a eng 
135 |a drcn ---uucaa 
181 0 |a i  
182 0 |a b 
200 1 |a Resonance phenomena analysis in induction generators  |f D. A. Padalko, A. G. Garganeev, P. V. Tyuteva 
203 |a Text  |c electronic 
300 |a Title screen 
320 |a [References: 13 tit.] 
330 |a The operation features of induction generator are revealed in the paper. Parametric resonance as a cause of induction generator excitation is investigated. The study was performed by the mathematical description and modeling in the block diagram environment Simulink pack of MatLab software applications. It was confirmed on the basis of studies that residual magnetization is not a mandatory factor for the transition of the induction machine in generator mode. The power generation conditions are estimated on the frequency characteristics of the induction generator equivalent circuit. 
333 |a Режим доступа: по договору с организацией-держателем ресурса 
463 |t Micro/Nanotechnologies and Electron Devices, EDM 2016  |o 17th International Conference of Young Specialists, 30 June-4 July 2016, Erlagol, Altai Republic, Russia  |l Микро/нанотехнологии и электронные приборы  |o [proceedings]  |v [P. 532-535]  |o XVII Международная конференция молодых специалистов, 30 июня - 4 июля 2016 г., НГТУ ЗСОК "Эрлагол", Чемал  |d 2016 
610 1 |a электронный ресурс 
610 1 |a труды учёных ТПУ 
610 1 |a математическое моделирование 
610 1 |a генераторы 
610 1 |a самовозбуждение 
610 1 |a частотные характеристики 
700 1 |a Padalko  |b D. A.  |c specialist in the field of electrical engineering  |c assistant of Tomsk Polytechnic University  |f 1991-  |g Dmitry Andreevich  |3 (RuTPU)RU\TPU\pers\35015 
701 1 |a Garganeev  |b A. G.  |c specialist in the field of electrical engineering  |c Professor of Tomsk Polytechnic University, doctor of technical Sciences  |f 1955-  |g Alexander Georgievich  |3 (RuTPU)RU\TPU\pers\35016 
701 1 |a Tyuteva  |b P. V.  |c specialist in the field of electrical engineering  |c associate Professor of Tomsk Polytechnic University, candidate of technical Sciences  |f 1983-  |g Polina Vasilievna  |3 (RuTPU)RU\TPU\pers\33724  |9 17355 
712 0 2 |a Национальный исследовательский Томский политехнический университет  |c (2009- )  |9 26305 
801 1 |a RU  |b 63413507  |c 20141010 
801 2 |a RU  |b 63413507  |c 20171117  |g RCR 
850 |a 63413507 
856 4 |u http://dx.doi.org/10.1109/EDM.2016.7538793 
942 |c CF